Statystyki dla Miasta w ETS2

Kliknij tutaj aby rozwiązać quiz!

Ogólne statystyki

  • Ten quiz został rozwiązany 74 razy
  • Średni wynik to 72 z 279

Statystyki odpowiedzi

PaństwoMiasto% Poprawnych
Wiedeń
93%
Warszawa
91%
Gdańsk
87%
Poznań
87%
Szczecin
85%
Praga
83%
BelgiaBruksela
81%
Katowice
81%
Kraków
81%
Wrocław
81%
PolskaBiałystok
80%
Paryż
80%
Łódź
78%
Lublin
78%
NiemcyBerlin
74%
Olsztyn
74%
CzechyBrno
72%
Londyn
70%
SłowacjaBratysława
69%
LuksemburgLuksemburg
69%
Monachium
69%
Ostrawa
67%
HolandiaAmsterdam
65%
SzwajcariaBerno
63%
AustriaGraz
63%
Oslo
63%
Rzym
63%
Kopenhaga
61%
WęgryBudapeszt
59%
Linz
57%
Rotterdam
57%
Salzburg
57%
Tallinn
57%
Dortmund
56%
Hamburg
56%
Petersburg
56%
Ryga
56%
Sztokholm
56%
Wilno
56%
FinlandiaHelsinki
54%
Innsbruck
54%
Kolonia
54%
Sofia
54%
Klagenfurt am Wörthersee
52%
Liège
52%
Lyon
52%
Drezno
50%
Frankfurt nad Menem
50%
Stambuł
50%
Bukareszt
48%
Madryt
48%
Manchester
48%
Mediolan
48%
Turyn
48%
Zurych
48%
Düsseldorf
46%
RosjaKaliningrad
46%
Koszyce
46%
Lille
46%
Liverpool
46%
Lizbona
46%
Marsylia
46%
Neapol
46%
Wenecja
46%
Barcelona
44%
Calais
44%
Genewa
44%
Bańska Bystrzyca
43%
L'Île-Rousse
43%
Lipsk
43%
Malmö
43%
Palermo
43%
Dover
41%
Glasgow
41%
Stuttgart
41%
NorwegiaBergen
39%
Hannower
39%
Kiel
39%
Porto
39%
Strasburg
39%
Debreczyn
37%
LitwaKowno
37%
DaniaAalborg
35%
Bari
35%
Bordeaux
35%
Edynburg
35%
Kłajpeda
35%
Pecz
35%
Rostock
35%
Segedyn
35%
Cardiff
33%
Cortiçadas de Lavre
33%
Groningen
33%
Newcastle upon Tyne
33%
Nicea
33%
Tuluza
33%
Wielka BrytaniaAberdeen
31%
Brest
31%
SzwecjaGoteborg
31%
Brema
30%
Turku
30%
Werona
30%
Plymouth
28%
Psków
28%
Swansea
28%
Walencja
28%
Bilbao
26%
Duisburg
26%
Rennes
26%
Sewilla
26%
Birmingham
24%
Erfurt
24%
Magdeburg
24%
Mannheim
24%
Nantes
24%
Odense
24%
Bolonia
22%
Linköping
22%
Nürnberg
22%
Tartu
22%
Uppsala
22%
Wyborg
22%
Esbjerg
20%
Genua
20%
Kluż-Napoka
20%
Reims
20%
Southampton
20%
Stavanger
20%
Tampere
20%
Travemünde
20%
Carlisle
19%
Florencja
19%
Kalmar
19%
Kassel
19%
Kristiansand
19%
Ługa
19%
Montpellier
19%
Osnabrück
19%
Sheffield
19%
FrancjaAjaccio
17%
Dijon
17%
TurcjaEdirne
17%
Hawr
17%
Karlskrona
17%
Krajowa
17%
Le Mans
17%
Malaga
17%
Narva
17%
Poniewież
17%
WłochyAnkona
15%
Cagliari
15%
Jönköping
15%
Kotka
15%
Lahti
15%
Pärnu
15%
Saragossa
15%
Sosnowy Bór
15%
Trelleborg
15%
Warna
15%
Bajonna
13%
Cambridge
13%
Kingston upon Hull
13%
Frederikshavn
13%
Gedser
13%
Katania
13%
Metz
13%
Możejki
13%
Örebro
13%
Pori
13%
Tekirdağ
13%
Timisoara
13%
BułgariaBurgas
11%
ŁotwaDaugavpils
11%
Helsingborg
11%
Jassy
11%
Mesyna
11%
Parma
11%
Uciana
11%
Växjö
11%
Villa San Giovanni
11%
Braszów
9%
Cassino
9%
Europort
9%
Faro
9%
Konstanca
9%
La Rochelle
9%
León
9%
Livorno
9%
Naantali
9%
Södertälje
9%
Szawle
9%
Valladolid
9%
Valmiera
9%
Västerås
9%
Ventspils
9%
Vigo
9%
Bourges
7%
Catanzaro
7%
Coimbra
7%
Felixstowe
7%
Grenada
7%
Hunedoara
7%
EstoniaKunda
7%
Liepāja
7%
Limoges
7%
Olbia
7%
Pirdop
7%
Płowdiw
7%
Reșița
7%
Rēzekne
7%
Roscoff
7%
Santander
7%
Terni
7%
Almería
6%
RumuniaBacau
6%
Bastia
6%
Bonifacio
6%
Clermont-Ferrand
6%
Córdoba
6%
HiszpaniaCoruña
6%
Gałacz
6%
Hirtshals
6%
Huelva
6%
IJmuiden
6%
Kouvola
6%
Lacq
6%
Murcja
6%
Nynäshamn
6%
O Barco
6%
Paldiski
6%
Pernik
6%
Pescara
6%
Suzzara
6%
Albacete
4%
Algeciras
4%
Badajoz
4%
PortugaliaBeja
4%
Burgos
4%
Călăraşi
4%
Kapellskär
4%
Karłowo
4%
Lleida
4%
Loviisa
4%
Mangalia
4%
Olhão
4%
Olkiluoto
4%
Plewen
4%
Ruse
4%
Setúbal
4%
Sines
4%
Taranto
4%
Targu Mures
4%
Tarragona
4%
Évora
2%
Kozłoduj
2%
Pamplona
2%
Pitesti
2%
Porto-Vecchio
2%
Salamanca
2%
Sassari
2%
Teruel
2%
Veliko Tarnovo
2%
Almaraz
0%
Bailén
0%
Calvi
0%
Cernavodă
0%
Ciudad Real
0%
El Ejido
0%
Gijón
0%
Guarda
0%
Harwich
0%
Mengíbar
0%
Navia
0%
Ponte de Sor
0%
Port de Sagunt
0%
Puertollano
0%
Soria
0%
Vandellòs
0%
Vila-real
0%

Rozkład punktacji

Percentyl według liczby udzielonych odpowiedzi

Procent ludzi z każdym wynikiem

Twoja historia wyników

Nie rozwiązałeś tego quizu